Accounting information for decision makers / (Record no. 2911)

000 -LEADER
fixed length control field 00834nam a2200253 a 4500
001 - CONTROL NUMBER
control field 4840876
003 - CONTROL NUMBER IDENTIFIER
control field OSt
005 - DATE AND TIME OF LATEST TRANSACTION
control field 20160823164608.0
008 - FIXED-LENGTH DATA ELEMENTS--GENERAL INFORMATION
fixed length control field 900501s1989 at a b 001 0 eng
010 ## - LIBRARY OF CONGRESS CONTROL NUMBER
LC control number 90150702
020 ## - INTERNATIONAL STANDARD BOOK NUMBER
International Standard Book Number 0582712289
040 ## - CATALOGING SOURCE
Original cataloging agency DLC
Transcribing agency DLC
050 00 - LIBRARY OF CONGRESS CALL NUMBER
Classification number HF5686.C7N53 1989
082 00 - DEWEY DECIMAL CLASSIFICATION NUMBER
Classification number 657
Edition number 20
100 1# - MAIN ENTRY--PERSONAL NAME
Personal name Newman, Robert L.
Fuller form of name (Robert Leslie),
Dates associated with a name 1928-
245 10 - TITLE STATEMENT
Title Accounting information for decision makers /
Statement of responsibility, etc Robert L. Newman.
260 ## - PUBLICATION, DISTRIBUTION, ETC. (IMPRINT)
Place of publication, distribution, etc Melbourne, Australia :
Name of publisher, distributor, etc Longman Cheshire,
Date of publication, distribution, etc 1989.
300 ## - PHYSICAL DESCRIPTION
Extent vii, 207 p. :
Other physical details ill. ;
Dimensions 22 cm.
504 ## - BIBLIOGRAPHY, ETC. NOTE
Bibliography, etc Includes bibliographical references and index.
650 #0 - SUBJECT ADDED ENTRY--TOPICAL TERM
Topical term or geographic name as entry element Corporations
General subdivision Accounting.
906 ## - LOCAL DATA ELEMENT F, LDF (RLIN)
a 7
b cbc
c orignew
d 3
e ncip
f 19
g y-gencatlg
942 ## - ADDED ENTRY ELEMENTS (KOHA)
Source of classification or shelving scheme
Koha item type Book
Holdings
Withdrawn status Lost status Source of classification or shelving scheme Damaged status Not for loan Home library Current library Shelving location Date acquired Total Checkouts Full call number Barcode Date last seen Copy number Price effective from Koha item type
          Riara University Library Riara University Library General stack 23/08/2016   HF5686.C7N53 1989 7220/16 23/08/2016 C.1 23/08/2016 Book

Riara University Library,
P.O. Box 49940-00100,
Nairobi, Kenya.